| 000 | 00347nam a22001337a 4500 | ||
|---|---|---|---|
| 022 | _a9780070702462 | ||
| 082 |
_a629.04 _bBAN/IN |
||
| 100 |
_aBanks,James H. _9733 |
||
| 245 | _aIntroduction to Transportation Engineering | ||
| 250 | _a2 nd | ||
| 260 |
_aNew delhi _bTata McGraw Hill Education Private Limited _c2012 |
||
| 300 | _a502 | ||
| 942 | _cBK | ||
| 999 |
_c14442 _d14442 |
||